El sentido de la traducción: reflexión y crítica
Saved in:
| Hovedforfatter: | |
|---|---|
| Format: | Bog |
| Sprog: | spansk |
| Udgivet: |
Salamanca
Universidad de León
1994
|
| Fag: | |
| Tags: |
Tilføj Tag
Ingen Tags, Vær først til at tagge denne postø!
|
MARC
| LEADER | 00000cam a2200000 a 4500 | ||
|---|---|---|---|
| 001 | UCF5486 | ||
| 003 | CL-VaPUC | ||
| 008 | 130318e19940000SP |||||||||||||||||spa|d | ||
| 020 | |a 847719405X | ||
| 082 | 0 | 4 | |a 418.02 |b SAE |2 21 |
| 100 | 0 | |a Sáez Hermosilla, Teodoro |e author |9 567455 | |
| 245 | 1 | 3 | |a El sentido de la traducción: reflexión y crítica |
| 300 | |a 110 p | ||
| 942 | |c BK | ||
| 945 | |d 20130318 00:00:00 |a cmena | ||
| 260 | |a Salamanca |b Universidad de León |c 1994 | ||
| 650 | 0 | |a Traducción e interpretación |9 315998 | |
| 650 | 0 | |a Análisis del discurso |9 256696 | |
| 650 | 0 | |a Lingüística aplicada |9 313266 | |
| 583 | |a last modification |c 20130318 11:20:00 |k Rodrigo Vera | ||
| 999 | |c 351026 |d 351024 | ||
| 952 | |0 0 |1 0 |4 0 |6 418_020000000000000_SAE_1994 |7 0 |8 A |9 454891 |a BIBEDU |b BIBEDU |d 2019-11-22 |i 4841476 |o 418.02 SAE 1994 |p 4841476 |r 2019-11-22 |w 2019-11-22 |y BK |k LIT | ||